Financial Statement Analysis / (Record no. 11586)
[ view plain ]
| 000 -LEADER | |
|---|---|
| fixed length control field | 00803cam a2200241 a 4500 |
| 001 - CONTROL NUMBER | |
| control field | 15197528 |
| 005 - DATE AND TIME OF LATEST TRANSACTION | |
| control field | 20121107122938.0 |
| 008 - FIXED-LENGTH DATA ELEMENTS--GENERAL INFORMATION | |
| fixed length control field | 080228s2009 maua |rb 001 0 eng |
| 010 ## - LIBRARY OF CONGRESS CONTROL NUMBER | |
| LC control number | 2008008981 |
| 020 ## - INTERNATIONAL STANDARD BOOK NUMBER | |
| International Standard Book Number | 9780071263924 (alk. paper) |
| 082 00 - DEWEY DECIMAL CLASSIFICATION NUMBER | |
| Classification number | 657.3 |
| Edition number | 22 |
| Item number | SUB |
| 100 1# - MAIN ENTRY--PERSONAL NAME | |
| Personal name | Subramanyam, K. R. |
| 9 (RLIN) | 4981 |
| 245 10 - TITLE STATEMENT | |
| Title | Financial Statement Analysis / |
| Statement of responsibility, etc | K.R. Subramanyam, John J. Wild. |
| 250 ## - EDITION STATEMENT | |
| Edition statement | 10th ed. |
| Remainder of edition statement | McGraw-Hill International edition. |
| 260 ## - PUBLICATION, DISTRIBUTION, ETC. (IMPRINT) | |
| Place of publication, distribution, etc | Boston : |
| Name of publisher, distributor, etc | McGraw-Hill Irwin, 2009 |
| Date of publication, distribution, etc | c2009. |
| 300 ## - PHYSICAL DESCRIPTION | |
| Extent | 1v. : |
| Other physical details | ill. ; |
| Dimensions | 26 cm. |
| 500 ## - GENERAL NOTE | |
| General note | Wild's name appears first on earlier editions. |
| 504 ## - BIBLIOGRAPHY, ETC. NOTE | |
| Bibliography, etc | Includes bibliographical references and index. |
| 650 #0 - SUBJECT ADDED ENTRY--TOPICAL TERM | |
| Topical term or geographic name as entry element | Financial statements. |
| 9 (RLIN) | 4982 |
| 653 ## - INDEX TERM--UNCONTROLLED | |
| Resource For college | |
| Arrived date list | November2012 |
| 700 1# - ADDED ENTRY--PERSONAL NAME | |
| Personal name | Wild, John J. |
| 9 (RLIN) | 4983 |
| 942 ## - ADDED ENTRY ELEMENTS (KOHA) | |
| Source of classification or shelving scheme | Dewey Decimal Classification |
| Item type | Book - Borrowing |
| Withdrawn status | Item status | Source of classification or shelving scheme | Damaged status | Not for loan | Vendor | Home library | Current library | Shelving location | Date acquired | Source of acquisition | Cost, normal purchase price | Serial Enumeration / chronology | Total Checkouts | Total Renewals | Full call number | Barcode | Date last seen | Date last borrowed | Koha item type | Checked out |
|---|---|---|---|---|---|---|---|---|---|---|---|---|---|---|---|---|---|---|---|---|
| Dewey Decimal Classification | MERIC | Central Library | Central Library | First floor | 24/05/2009 | 349.00 | 9103 | 3 | 2 | 657.3 SUB | 000016381 | 15/07/2025 | 26/09/2012 | Book - Borrowing | ||||||
| Dewey Decimal Classification | Baccah | Central Library | Central Library | First floor | 28/03/2010 | 211.20 | 9837 | 1 | 2 | 657.3 SUB | 000020484 | 10/09/2012 | 10/09/2012 | Book - Borrowing | 18/10/2015 | |||||
| Dewey Decimal Classification | Baccah | Central Library | Central Library | First floor | 07/11/2012 | 1 | 657.3 SUB | 000027786 | 15/07/2025 | 09/01/2013 | NB - Book (Non borrowing) | |||||||||
| Dewey Decimal Classification | Baccah | Central Library | Central Library | First floor | 07/11/2012 | 2 | 8 | 657.3 SUB | 000027787 | 15/07/2025 | 29/03/2014 | Book - Borrowing | ||||||||
| Dewey Decimal Classification | Baccah | Central Library | Central Library | First floor | 07/11/2012 | 3 | 4 | 657.3 SUB | 000027788 | 15/07/2025 | 31/03/2015 | Book - Borrowing | ||||||||
| Dewey Decimal Classification | Baccah | Central Library | Central Library | First floor | 07/11/2012 | 3 | 9 | 657.3 SUB | 000027789 | 15/07/2025 | 28/02/2016 | Book - Borrowing | ||||||||
| Dewey Decimal Classification | Baccah | Central Library | Central Library | First floor | 07/11/2012 | 1 | 657.3 SUB | 000027790 | 15/07/2025 | 31/12/2012 | Book - Borrowing | |||||||||
| Dewey Decimal Classification | Baccah | Central Library | Central Library | First floor | 07/11/2012 | 2 | 34 | 657.3 SUB | 000027791 | 15/07/2025 | 27/10/2019 | Book - Borrowing | ||||||||
| Dewey Decimal Classification | Baccah | Central Library | Central Library | First floor | 07/11/2012 | 4 | 14 | 657.3 SUB | 000027792 | 15/07/2025 | 05/08/2018 | Book - Borrowing |